000 00297nam a22001337a 4500
008 181002b xxu||||| |||| 00| 0 eng d
020 _a0866566295
041 _aeng
080 _a316
100 _a50
101 _aSOC
245 _aThe dynamics of feminist therapy
_cHoward,D
942 _2udc
_cBK
999 _c48779
_d48779